Genetic variability in a population of Paraponera clavata (Hymenoptera: Formicidae) (Registro nro. 13836)

Detalles MARC
000 -CABECERA
Campo de control 004530000a22001450004500
090 ## - CLASIFICACIÓN LOCAL
Colección AR
Consecutivo 04736
041 0# - IDIOMA
Código de idioma para texto/pista de sonido o título separado
100 1# - ASIENTO PRINCIPAL--NOMBRE PERSONAL
Nombre personal Porter, Calvin A.
245 10 - MENCION DE TITULO
Título Genetic variability in a population of Paraponera clavata (Hymenoptera: Formicidae)
700 1# - ASIENTO SECUNDARIO - NOMBRE PERSONAL
Nombre personal Thompson, Pamela
700 1# - ASIENTO SECUNDARIO - NOMBRE PERSONAL
Nombre personal Black, Hal L.
700 1# - ASIENTO SECUNDARIO - NOMBRE PERSONAL
Nombre personal Jorgensen, Clive D.
773 1# - Item fuente:
Título Southwestern naturalist
Descripción física 3
Paginas del Articulo 381-385
Lugar, editorial y fecha de publicación 1986
Información sobre la relación 31
942 ## - ELEMENTOS ADICIONALES (KOHA)
Tipo de ítem Artículo
Existencias
Withdrawn status Lost status Damaged status No para préstamo Colección Ubicación Permanente Ubicación actual Fecha de adquisición Fuente de Valor Datos de publicación Seriada Total Checkouts Número topográfico Inventario / Código de Barras Date last seen Ejemplar Price effective from Forma de adquisición Tipo de material
      No para Préstamo Hemeroteca Bogotá Bogotá 11/05/2010 Escobar Sarria, Federico Fuera de circulación   AR 04736 028101 25/03/2015 1 25/03/2015   Artículo